| 000 | 006290000a22001930004500 | ||
|---|---|---|---|
| 090 |
_aAR _b01908 |
||
| 245 | 1 | 0 | _aBat visits to Maregravia myriostigma Tr, et Planch. (<Maregraviaceae>) in southeastern Brazil |
| 650 | 1 | 4 |
_aRelación planta-animal _992861 |
| 650 | 1 | 4 |
_aEcología _992250 |
| 650 | 1 | 4 |
_aPolinización _994027 |
| 650 | 1 | 4 |
_aMurciélagos _92659 |
| 651 | 4 |
_mUbatuba _dSao Pablo _pBrasil _992749 |
|
| 653 |
_fMaregraviaceae _gMaregravia _eMaregravia myriostigma |
||
| 041 | 0 | _aInglés | |
| 700 | 1 |
_aSazima, Ivan _994542 |
|
| 100 | 1 |
_aSazima, Marlies _994749 |
|
| 942 | _cARTICULO | ||
| 773 | 1 |
_tFlora _3638 _q84-88 _d1980 _g169 |
|
| 999 |
_c10985 _d10985 |
||